Statistics for Top 10 countries, in different categories (travel edition)

Click here to take the quiz!

General Stats

  • This quiz has been taken 179 times
  • The average score is 44 of 50

Answer Stats

HintRankAnswer% Correct
Most international tourists3United States
100%
Busiest cruise ports1United States
100%
Largest hotel (by number of rooms)2United States
100%
Most international airports1United States
100%
Busiest airport1United States
100%
Busiest airport2China
98%
Most international tourists4China
98%
Largest hotel (by number of rooms)3China
98%
Most international airports3China
98%
Busiest cruise ports4China
98%
Busiest airport6France
98%
Busiest cruise ports10France
98%
Most international tourists1France
98%
Most international airports5France
98%
Busiest airport4Japan
98%
Largest hotel (by number of rooms)7Japan
98%
Most international airports8Spain
98%
Most international tourists2Spain
98%
Busiest cruise ports5Spain
98%
Busiest airport5United Kingdom
97%
Most international tourists10United Kingdom
97%
Busiest cruise ports7United Kingdom (Cayman Islands)
97%
Most international airports7Italy
95%
Busiest cruise ports6Italy
95%
Most international tourists5Italy
95%
Largest hotel (by number of rooms)9Mexico
95%
Most international airports4Mexico
95%
Most international tourists7Mexico
95%
Busiest cruise ports2Mexico
95%
Most international tourists8Germany
93%
Busiest airport9Germany
93%
Busiest airport10India
90%
Most international airports6India
90%
Most international airports2Russia
90%
Largest hotel (by number of rooms)5Russia
90%
Most international airports9Brazil
89%
Most international airports10Indonesia
81%
Busiest airport8South Korea
81%
Most international tourists6Turkey
80%
Largest hotel (by number of rooms)10Turkey
80%
Busiest airport3United Arab Emirates
79%
Most international tourists9Thailand
78%
Largest hotel (by number of rooms)6Thailand
78%
Busiest airport7Netherlands
75%
Busiest cruise ports8Netherlands (Sint Maarten)
72%
Largest hotel (by number of rooms)4Saudi Arabia
66%
Largest hotel (by number of rooms)1Malaysia
64%
Largest hotel (by number of rooms)8Bahamas
47%
Busiest cruise ports3Bahamas
47%
Busiest cruise ports9Jamaica
43%

Score Distribution

Percentile by Number Answered

Percent of People with Each Score

Your Score History

You have not taken this quiz